แสดงรายละเอียดบรรณานุกรม
  กลับหน้าหลัก

Brief Record : Get Marc (ISO 2709) : E-mail record : QR code ปิดหน้าต่าง
E-books : เกี่ยวกับ Collections
LEADER 00000nam 2200000uu 4500
001    214084
003     ULIBM
008    240331s||||||||th 000 0 tha d
020    ^a9786166084542
041    ^atha^beng
060 04 ^aWY160^bว633ก 2567
100 0  ^aวินีกาญจน์ คงสุวรรณ
245 10 ^aการพยาบาลจิตเวช : ภาวะวิกฤตสุขภาพจิตและจิตเวชฉุกเฉิน =^bPsychiatric nursing : Mental health crisis & psychiatricemergency /^cวินีกาญจน์ คงสุวรรณ
246 31 ^aPsychiatric nursing : Mental health crisis & psychiatricemergency
250    ^aพิมพ์ครั้งที่ 1
260    ^aสงขลา :^bคณะพยาบาลศาสตร์ มหาวิทยาลัยสงขลานครินทร์,^c2567
300    ^aก-ฎ, 282 หน้า :^bภาพประกอบ ;^c26 ซม.
650  4 ^aการพยาบาลจิตเวช
650  4 ^aการพยาบาลจิตเวชศาสตร์
650  4 ^aจิตเวชศาสตร์
650  4 ^aสุขภาพจิต
710 2  ^aมหาวิทยาลัยสงขลานครินทร์.^bคณะพยาบาลศาสตร์
999    ^aใช้งานได้ทุกระบบ
รายการนี้ยังไม่มีแท็ก
คุณยังไม่ได้ล็อกอิน คุณสามารถมีกิจกรรมร่วมกับเว็บไซต์ได้ แต่ต้องล็อกอินก่อน ::
  ล็อกอิน
ลำดับที่ ประเภท เลขเรียก สถานที่ สถานะ
1. การพยาบาล (ตำราหลัก)
การพยาบาล (ตำราหลัก)
WY160 ว633ก 2567 ฉ.1 
  
การพยาบาลจิตเวชและสุขภาพจิต On Shelf
  ขอยืม
   [แสดง 1/1 รายการ]

รายการใกล้เคียง
    หัวเรื่อง [การพยาบาลจิตเวช]
    หัวเรื่อง [การพยาบาลจิตเวชศาสตร์]
    หัวเรื่อง [จิตเวชศาสตร์]
    หัวเรื่อง [สุขภาพจิต]

BibComment


ยังไม่เคยถูกคอมเมนท์

คอมเมนท์ทรัพยากรรายการนี้
  คอมเมนท์: การพยาบาลจิตเวช ..
Bib 214084

 
 
 

 Union Library Management : ULibM
Copyright 2026. All Rights Reserved.
скачать бесплатно без регистрации порно красивый секс HD Sex Hindi sex

xxx gou

xxxx

bfxxx

xxxwww

Секса Видео

xxxx

Секса Видео

detube

geilexxx

C99 Shell

worms shell

blod xxx video
Ebony Coed Rihanna Rimes Takes A Dick In Her Young Twat priyaa indian fuck anal and pusssy hardcore indian women xxx desi hardcore fucking part 1 bengalixxxcouple